000 00562nam a22001817a 4500
005 20180124112806.0
010 _aENG-122153
020 _a9789380624549
_c375.00
035 _aEN-105685
037 _bDBAD/PUB
082 _a620.00151
100 _aSangeetha, G.
245 _aEngineering mathematics-i /
_cby G. Sangeetha
260 _aChennai
_bJai Tech Publications
_c2011
270 _aNo. 49, Chella Pillayar Koil Street, Royapettah
_bChennai
_e600014
300 _avarious pages.
_c24cm(pbk)
_bill.
942 _2ddc
_cEN
_h620.00151
_mSAN
999 _c149480
_d149480